<?xml version="1.0" encoding="UTF-8"?>
<record
    xmlns:xsi="http://www.w3.org/2001/XMLSchema-instance"
    xsi:schemaLocation="http://www.loc.gov/MARC21/slim http://www.loc.gov/standards/marcxml/schema/MARC21slim.xsd"
    xmlns="http://www.loc.gov/MARC21/slim">

  <leader>02120cam a22004095i 4500</leader>
  <datafield tag="999" ind1=" " ind2=" ">
    <subfield code="c">27609</subfield>
    <subfield code="d">27580</subfield>
  </datafield>
  <controlfield tag="003">EG-ScBUE</controlfield>
  <controlfield tag="005">20201110141830.0</controlfield>
  <controlfield tag="008">190910r20172018cc a   f      000 0 chi d</controlfield>
  <datafield tag="020" ind1=" " ind2=" ">
    <subfield code="a">9787561950241</subfield>
  </datafield>
  <datafield tag="040" ind1=" " ind2=" ">
    <subfield code="a">EG-ScBUE</subfield>
    <subfield code="b">eng</subfield>
    <subfield code="c">EG-ScBUE</subfield>
    <subfield code="d">EG-ScBUE</subfield>
    <subfield code="e">rda</subfield>
  </datafield>
  <datafield tag="041" ind1="0" ind2=" ">
    <subfield code="a">chi</subfield>
    <subfield code="a">eng</subfield>
  </datafield>
  <datafield tag="082" ind1="0" ind2="4">
    <subfield code="a">495.182421</subfield>
    <subfield code="b">JUM</subfield>
    <subfield code="2">22</subfield>
  </datafield>
  <datafield tag="245" ind1="0" ind2="0">
    <subfield code="a">&#x6C49;&#x8BED; &#x7EB5;&#x6A2A; &#x6C49;&#x5B57;&#x5165;&#x95E8; :</subfield>
    <subfield code="b">&#x7559;&#x5B66;&#x751F;&#x672C;&#x79D1;&#x9009;&#x4FEE;&#x8BFE;&#x7CFB;&#x5217;&#x6559;&#x6750; = Han yu zong heng : Han zi ru men /</subfield>
    <subfield code="c">&#x9A6C;&#x71D5;&#x534E; = Jump high : a systematic Chinese course / Yanhua Ma, compiler</subfield>
  </datafield>
  <datafield tag="246" ind1="3" ind2="1">
    <subfield code="a">Jump high :</subfield>
    <subfield code="b">a systematic Chinese course</subfield>
  </datafield>
  <datafield tag="246" ind1="3" ind2="1">
    <subfield code="a">Han yu zong heng :</subfield>
    <subfield code="b">Han zi ru men</subfield>
  </datafield>
  <datafield tag="250" ind1=" " ind2=" ">
    <subfield code="a">&#x7B2C;1&#x7248; =</subfield>
    <subfield code="b">First edition.</subfield>
  </datafield>
  <datafield tag="250" ind1=" " ind2=" ">
    <subfield code="a">Di 1 ban.</subfield>
  </datafield>
  <datafield tag="264" ind1=" " ind2="1">
    <subfield code="a">Beijing :</subfield>
    <subfield code="b">Beijng Language and Culture University Press,</subfield>
    <subfield code="c">2017.</subfield>
  </datafield>
  <datafield tag="264" ind1=" " ind2="3">
    <subfield code="c">[2018?]</subfield>
  </datafield>
  <datafield tag="264" ind1=" " ind2="1">
    <subfield code="c">&#x5317;&#x4EAC;&#x5E02; :</subfield>
    <subfield code="a">&#x5317;&#x4EAC;&#x8BED;&#x8A00;&#x5927;&#x5B66;&#x51FA;&#x7248;&#x793E;,</subfield>
    <subfield code="b">2017.</subfield>
  </datafield>
  <datafield tag="300" ind1=" " ind2=" ">
    <subfield code="a">iv, 188 pages :</subfield>
    <subfield code="b">illustration ;</subfield>
    <subfield code="c">28 cm.</subfield>
  </datafield>
  <datafield tag="336" ind1=" " ind2=" ">
    <subfield code="a">text</subfield>
    <subfield code="b">txt</subfield>
    <subfield code="2">rdacontent</subfield>
  </datafield>
  <datafield tag="337" ind1=" " ind2=" ">
    <subfield code="a">unmediated</subfield>
    <subfield code="b">n</subfield>
    <subfield code="2">rdamedia</subfield>
  </datafield>
  <datafield tag="338" ind1=" " ind2=" ">
    <subfield code="a">volume</subfield>
    <subfield code="b">nc</subfield>
    <subfield code="2">rdacarrier</subfield>
  </datafield>
  <datafield tag="490" ind1="0" ind2=" ">
    <subfield code="a">&#x7559;&#x5B66;&#x751F;&#x672C;&#x79D1;&#x9009;&#x4FEE;&#x8BFE;&#x7CFB;&#x5217;&#x6559;&#x6750; =</subfield>
    <subfield code="a">Liu xue sheng ben ke xuan xiu ke xi lie jiao cai =</subfield>
    <subfield code="a">Series of textbooks for undergraduate elective courses for international students</subfield>
  </datafield>
  <datafield tag="500" ind1=" " ind2=" ">
    <subfield code="a">Includes indexes.</subfield>
  </datafield>
  <datafield tag="520" ind1=" " ind2=" ">
    <subfield code="a">This book is a primer textbook for the foreigners beginning to learn Chinese. It focuses on introducing the basic concepts of Chinese characters by using the language understandable to students, while illustrating the relationship between Chinese characters and Chinese. It is hoped that the textbook users can grasp the basic knowledge of Chinese characters, learn to analyze them and lay a foundation for following study.</subfield>
  </datafield>
  <datafield tag="546" ind1=" " ind2=" ">
    <subfield code="a">Text in Chinese and English.</subfield>
  </datafield>
  <datafield tag="650" ind1=" " ind2="7">
    <subfield code="a">Chinese language</subfield>
    <subfield code="v">Textbooks for foreign speakers.</subfield>
    <subfield code="x">English.</subfield>
    <subfield code="2">BUEsh</subfield>
  </datafield>
  <datafield tag="650" ind1=" " ind2="7">
    <subfield code="a">Chinese language</subfield>
    <subfield code="x">Study and teaching</subfield>
    <subfield code="x">Foreign speakers.</subfield>
    <subfield code="2">BUEsh</subfield>
  </datafield>
  <datafield tag="650" ind1=" " ind2="7">
    <subfield code="a">Chinese language</subfield>
    <subfield code="v">Problems, exercises, etc.</subfield>
    <subfield code="2">BUEsh</subfield>
  </datafield>
  <datafield tag="653" ind1=" " ind2=" ">
    <subfield code="b">HHUUCCHH</subfield>
    <subfield code="c">September2019</subfield>
  </datafield>
  <datafield tag="653" ind1=" " ind2=" ">
    <subfield code="c">November2020</subfield>
  </datafield>
  <datafield tag="655" ind1=" " ind2=" ">
    <subfield code="v">Text book</subfield>
    <subfield code="9">33728</subfield>
  </datafield>
  <datafield tag="700" ind1="1" ind2=" ">
    <subfield code="a">Ma, Yanhua,</subfield>
    <subfield code="e">compiler. </subfield>
  </datafield>
  <datafield tag="942" ind1=" " ind2=" ">
    <subfield code="2">ddc</subfield>
    <subfield code="c">BB</subfield>
  </datafield>
  <datafield tag="952" ind1=" " ind2=" ">
    <subfield code="0">0</subfield>
    <subfield code="1">0</subfield>
    <subfield code="2">ddc</subfield>
    <subfield code="4">0</subfield>
    <subfield code="7">0</subfield>
    <subfield code="8">Baccah</subfield>
    <subfield code="a">MAIN</subfield>
    <subfield code="b">MAIN</subfield>
    <subfield code="c">2ND</subfield>
    <subfield code="d">2019-09-10</subfield>
    <subfield code="e">Purchase</subfield>
    <subfield code="g">395.00</subfield>
    <subfield code="l">0</subfield>
    <subfield code="o">495.182421 JUM</subfield>
    <subfield code="p">000048049</subfield>
    <subfield code="r">2025-07-15 00:00:00</subfield>
    <subfield code="v">493.75</subfield>
    <subfield code="w">2019-09-10</subfield>
    <subfield code="y">NB</subfield>
  </datafield>
  <datafield tag="952" ind1=" " ind2=" ">
    <subfield code="0">0</subfield>
    <subfield code="1">0</subfield>
    <subfield code="2">ddc</subfield>
    <subfield code="4">0</subfield>
    <subfield code="7">0</subfield>
    <subfield code="8">Baccah</subfield>
    <subfield code="a">MAIN</subfield>
    <subfield code="b">MAIN</subfield>
    <subfield code="c">2ND</subfield>
    <subfield code="d">2019-09-10</subfield>
    <subfield code="e">Purchase</subfield>
    <subfield code="g">395.00</subfield>
    <subfield code="l">0</subfield>
    <subfield code="o">495.182421 JUM</subfield>
    <subfield code="p">000048050</subfield>
    <subfield code="r">2025-07-15 00:00:00</subfield>
    <subfield code="v">493.75</subfield>
    <subfield code="w">2019-09-10</subfield>
    <subfield code="y">BB</subfield>
  </datafield>
  <datafield tag="952" ind1=" " ind2=" ">
    <subfield code="0">0</subfield>
    <subfield code="1">0</subfield>
    <subfield code="2">ddc</subfield>
    <subfield code="4">0</subfield>
    <subfield code="7">0</subfield>
    <subfield code="8">Baccah</subfield>
    <subfield code="a">MAIN</subfield>
    <subfield code="b">MAIN</subfield>
    <subfield code="c">2ND</subfield>
    <subfield code="d">2019-09-10</subfield>
    <subfield code="e">Purchase</subfield>
    <subfield code="g">395.00</subfield>
    <subfield code="l">0</subfield>
    <subfield code="o">495.182421 JUM</subfield>
    <subfield code="p">000048051</subfield>
    <subfield code="r">2026-04-29 00:00:00</subfield>
    <subfield code="v">493.75</subfield>
    <subfield code="w">2019-09-10</subfield>
    <subfield code="y">BB</subfield>
  </datafield>
  <datafield tag="952" ind1=" " ind2=" ">
    <subfield code="0">0</subfield>
    <subfield code="1">0</subfield>
    <subfield code="2">ddc</subfield>
    <subfield code="4">0</subfield>
    <subfield code="7">0</subfield>
    <subfield code="8">Baccah</subfield>
    <subfield code="a">MAIN</subfield>
    <subfield code="b">MAIN</subfield>
    <subfield code="c">2ND</subfield>
    <subfield code="d">2020-11-10</subfield>
    <subfield code="e">Purchase</subfield>
    <subfield code="g">820.00</subfield>
    <subfield code="l">0</subfield>
    <subfield code="o">495.182421 JUM</subfield>
    <subfield code="p">000050070</subfield>
    <subfield code="r">2025-07-15 00:00:00</subfield>
    <subfield code="v">1025.00</subfield>
    <subfield code="w">2020-11-10</subfield>
    <subfield code="y">NB</subfield>
  </datafield>
</record>
